Responses for show #6002 - Tuesday, October 19, 2010

Contestants

[<< previous game]

Stephanie Bethel, a public information officer from Las Vegas, Nevada

Jon Golbe, an actor and TV writer from Brooklyn, New York

Matt DeTura, a recent law school graduate from Washington, D.C. (whose 1-day cash winnings total $22,200)

[next game >>]

Jeopardy! Round responses

WHISTLER
A HAPPY TUNE
FIREFIGHTING
____ OF THE ____
CLASSIC TOYS
THIS... WAS... JEOPARDY!
(Alex: Not "This is".)
    $200 8
his mother

Jon
    $200 11
"Don't Worry, Be Happy"

Matt
    $200 14
baking soda

Jon
    $200 1
cream of the crop

Matt
    $200 6
Silly Putty

Matt
    $200 21
Nathan Hale

Stephanie
    $400 9
West Point

Stephanie
    $400 12
Exile on Main Street

Matt
    $400 15
forest fires

Stephanie
    $400 2
tale of the tape

Matt
    $400 7
Tinker Toys

Jon
    $400 22
Earhart

Matt
    $600 10
the Thames

Matt
    $600 13
"Shiny Happy People"

Jon
    $600 26
a siren

Stephanie
    $600 3
Man of the People

Matt
    $600 16
the E-Z Bake Oven

Matt
    $600 23
the Lusitania

Stephanie
    $800 19
The Turtles

Jon
    $800 27
(Matt: What are smaller fires?)
(Stephanie: What are back fires?)

explosions

MattStephanie
Triple Stumper
    $800 4
a justice of the peace

Matt
    $800 17
the yo-yo

Matt
    $800 24
(Stephanie: Who is...who is...Stonewall Jackson?)

George Pickett

Stephanie
    $1000 20
Garbage

Matt
    $1000 28
[The end-of-round signal sounds.]

a 3-alarm fire

Stephanie
    $1000 5
run of the mill

Triple Stumper
    $1000 18
the Etch A Sketch

Matt
    $1000 25
Cicero

Triple Stumper

Scores at the first commercial break (after clue 15):

Matt Jon Stephanie
$3,400 $1,400 $800

Scores at the end of the Jeopardy! Round:

Matt Jon Stephanie
$6,400 $2,200 $1,600

Double Jeopardy! Round responses

POETRY
WOMEN IN SPORTS
SCIENCE IS GOLDEN
A PLACE TO CALL HOME
THE HUMAN BODY
"APPY" ENDING
    $400 8
(Jon: What is my domain?)

my soul

Jon
Triple Stumper
    $400 12
the Indy 500

Stephanie
    $400 2
the trout

Matt
    $400 1
a log cabin

Matt
    $400 24
the eye socket

Triple Stumper
    $400 7
snappy

Jon
    $800 9
"The Love Song of J. Alfred Prufrock"

Jon
    $800 13
Carl Lewis

Matt
    $800 3
(Jon: What is the condor?)

eagle

Jon
Triple Stumper
    $800 17
(Matt: What is an abbey?)

a monastery

MattJon
    $800 25
[Jon places several of his fingers in his mouth.]
(Stephanie: What is two?)
...
(Alex: What is [*]. Jon was counting but he didn't ring in.)

four

Stephanie
Triple Stumper
    $800 19
a nappy

Stephanie
    $1,000 10
(Jon: What is fight, fight?)
(Alex: No, same idea, but...)
(Jon: Struggle?)
(Alex: No.)
(Jon: Something else.)
(Alex: Something else. [*]...)
(Jon: [*]!)
(Alex: ...[*], against the dying of the light.)
(Jon: That hurts!)
(Alex: I know it does.)

rage

Jon
    $1200 14
(Stephanie: Who is Hardin?)
(Alex: [*], you are right.)

(Justine Henin-)Hardenne

Stephanie
    $1200 4
cesium

Matt
    $1200 18
a barracks

Matt
    $1200 26
the brain

Matt
    $1200 21
sappy

Jon
    $1600 11
Robert Burns

Stephanie
    $1600 15
figure skating

Stephanie
    $2,000 5
quartz

Matt
    $1600 20
(Stephanie: What is a tepee?)

a wigwam

MattStephanie
    $1600 27
[The end-of-round signal sounds.]

the aorta

Jon
    $1600 23
scrappy

Matt
    $2000 16
Latvia

Triple Stumper
    $2000 6
the Cretaceous period

Triple Stumper
    $2000 22
a chalet

Matt

Scores at the end of the Double Jeopardy! Round:

Matt Jon Stephanie
$18,000 $4,800 $4,800
(lock game)

[wagering suggestions for these scores]

Final Jeopardy! Round responses

HOLIDAY HISTORY
(Alex: You have to figure it was in anticipation of a visit by the Pope, but who was Pope in 1997? That's basically what we're asking.)
StephanieWho is Pope John Paul II
$3,500
JonWho is Pope John Paul II
$2,000
MattWho is Pope John Paul II?
$5,000
Pope John Paul II

Final scores:

Matt Jon Stephanie
$23,000 $6,800 $8,300
2-day champion: $45,200 3rd place: $1,000 2nd place: $2,000

Game dynamics:

Coryat scores:

Matt Jon Stephanie
$17,600 $5,800 $5,600
23 R
(including 1 DD),
2 W
10 R,
3 W
(including 1 DD)
11 R,
4 W
(including 1 DD)

Combined Coryat: $29,000

The J! Archive is created by fans, for fans. The Jeopardy! game show and all elements thereof, including but not limited to copyright and trademark thereto, are the property of Jeopardy Productions, Inc. and are protected under law. This website is not affiliated with, sponsored by, or operated by Jeopardy Productions, Inc. Join the discussion at JBoard.tv.